Регионална библиотека "Любен Каравелов" - Русе

Клонинги | Клонингите се завръщат (Запис номер 10938)

MARC детайли
000 -Лидер
Контролно поле с фиксирана дължина 01211nam a2200325 c 4500
003 - Код на организацията, давaща контролен номер
Контролно поле BLK
005 - Дата и час на последна редакция
Контролно поле 20230928145141.0
008 - Елементи от данни с фиксирана дължина
fixed length control field 180412b bul|||||r ||||||| ||bul||
010 ## - Наследен системен номер
LC control number KNG00012452000
040 ## - Източник на каталожния запис
Идентификатор на билиотеката - собственик на записа BLK
041 ## - Код за език
Код за езика на текст/звукозапис или на отделно заглавие Български
Код за езика КДБФ Български
080 ## - УДК
Текстов определител УДК Българска литература
УДК код - определител по УДК 821.163.2
УДК определител -31
УДК - код + определител 821.163.2-31
100 1# - Редна дума - Автор
Автор Люцканова, Весела
Пълна форма на името Иванова, Весела Люцканова
R(LIN) 382271
139 ## - Редно поле
Редна дума Люцканова, Весела
Авторски знак Люц - Л 97
245 10 - Сведения за заглавието
Заглавие Клонинги
Редно поле (дума) Весела Люцканова.
245 10 - Сведения за заглавието
Заглавие Клонингите се завръщат
Подзаглавни данни Романи
257 ## - Страна на издаване
Страна на създаване/издаване България
260 ## - Област на издателските данни
Име на издателя, разпространителя и проч. Весела Люцканова
Година на издаване 1996
Печатница В. Търново: Абагар
9 (RLIN) 209472
Издателство - префикс ISBN 978-954-311- ; 954-8453-
300 ## - Физическа характеристика
Страници 320 с.
Размери/Мащаб 20 см
380 ## - Жанр
Жанр Худож. лит.
490 1# - СЕРИИ (Колекции)
Име на серия Колекция Автограф
500 ## - Общи забележки
Забележка Пълното име на авт. е Весела Люцканова Иванова. - 2 000 тир.
852 ## - Местоположение
Форматна сигнатура Цб 188021
856 4# - Електронен адрес и достъп
Електронен формат pdf - файл
Път до файла /url/
856 4# - Електронен адрес и достъп
Електронен формат pdf - файл
Път до файла /url/
999 ## - СИСТЕМНИ КОНТРОЛНИ НОМЕРА
Koha biblionumber 10938
Koha biblioitemnumber 10938
942 ## - АРТИКУЛИ
Вид на библиотечния материал Книги
Скрит в OPAC Не
Koha issues (borrowed), all copies 1
944 ## - СЪЗДАВАНЕ И РЕДАКЦИЯ на ЗАПИСА
Създаване/Редакция Създаване
Дата на регистрацията/редакция 15.01.2003
Служител, извършил регистрацията/редакцията 30576
Статус, дата на статуса Цветомила Тодорова
944 ## - СЪЗДАВАНЕ И РЕДАКЦИЯ на ЗАПИСА
Създаване/Редакция Редакция
Дата на регистрацията/редакция 22.02.2018
Служител, извършил регистрацията/редакцията Теодора_Стоянова
999 ## - СИСТЕМНИ КОНТРОЛНИ НОМЕРА
Koha biblioitemnumber 10938
Наличности
Код за отписване Код за изгубен артикул Източник на класификационната схема Код за повреда Коз за рестрикции Код за отдаване Артикулен № Име на библиотеката - собственик Име на библиотеката, в която се намира в момента Статус (Текущо местоположение) Дата на вписване в системата Местоположение - отдел Цена в лева Инвентарен номер Систематично азбучна сигнатура Баркод Номер на екземпляра Цена в евро Служебен тип на артикула Служебна бележка
  Не е изгубен Universal Decimal Classification Не е повреден само за читалня ползва се в читалня 18992 Регионална библиотека "Любен Каравелов" Русе Регионална библиотека "Любен Каравелов" Русе Хранилище 2001-01-01 Хранилище 0.00 622768 Цб 188021 120000622768 1 0.00 Книги  
Изтеглен Не е изгубен Universal Decimal Classification Не е повреден без рестрикции заемане за дома 18993 Регионална библиотека "Любен Каравелов" Русе Регионална библиотека "Любен Каравелов" Русе Заемна - подръчен фонд 2001-01-01 Заемна - подръчен фонд 0.90 620741 П 886.7-31/Л 97 620741 2 0.46 Книги Дата инв: 01.03.2018 Бележки инв: П2018
Изтеглен Не е изгубен Universal Decimal Classification Не е повреден без рестрикции заемане за дома 18994 Регионална библиотека "Любен Каравелов" Русе Регионална библиотека "Любен Каравелов" Русе Заемна - подръчен фонд 2001-01-01 Заемна - подръчен фонд 0.90 620742 П 886.7-31/Л 97 620742 3 0.46 Книги  
  Не е изгубен Universal Decimal Classification Не е повреден без рестрикции заемане за дома 18995 Регионална библиотека "Любен Каравелов" Русе Регионална библиотека "Любен Каравелов" Русе Заемна - подръчен фонд 1996-01-01 Заемна - подръчен фонд 0.50 632640 П 886.7-31/Л 97 120000632640 4 0.26 Книги Вид: Сф Дата: 01.01.1996 Дата инв: 22.02.2018 Бележки инв: П2018
Vip Innovations Ltd, Rousse, Bulgaria 2025